| 000 | 00374nam a2200145Ia 4500 | ||
|---|---|---|---|
| 008 | 230312s9999||||xx |||||||||||||| ||und|| | ||
| 020 | _a81-317-7651-3 | ||
| 082 |
_a005.634 _bSUR-C |
||
| 100 | _aPatterson;David | ||
| 245 | 0 | _aComputer Architecture A Quantitative Approach | |
| 260 |
_bPearson _aIndia _c2014 |
||
| 300 | _a412 | ||
| 650 |
_aComputer _vComputer |
||
| 942 | _cBK | ||
| 999 |
_c15347 _d15347 |
||